000 00412nam a2200145Ia 4500
008 230917s9999||||xx |||||||||||||| ||und||
040 _e174194
_aMAIN
041 _aEnglish
082 _a891.437731 SR25P
100 _aस्वरूप, रामस्वरूप
245 0 _aप्रभु का पसीना
260 _aकानपुर
_bसंचयन
_c1985
300 _a72 p.
942 _cHN
999 _c46882
_d46882